Datum a čas kvízu

23 Celkem bodů Celkový počet nahraných bodů na tomto kvízu bez doplňovacích otázek.
5. Pořadí na kvízu Konečné umístění týmu na tomto kvízu.

Zaznamenané odpovědi

# Otázka Odpověď Body Výsledky
1. Na pražské Hlavní nádraží v út... jezdí na vodíkový pohon 0
2. Která evropská země má od minu... Francie 0
3. V úterý začal již 75. ročník p... Cannes 1
4. Po masovém odchodu firem z Rus... Street 0
5. 22letý Biniam Girmay se stal h... trefil ho korek do oka 1
6. V tomto tématu se budeme pohyb... jiřina 0
7. Nyní zavítáme do římské mytolo... Flora 0
8. Na fotografii vidíme květinu,... jasmín 0
9. Květinové jméno nese i tento s... Svatý Vavřinec 0
10. Toto téma zakončíme v populárn... Laura a její tygři 0